Обреченные: роман; пер. с англ.

Dettagli Bibliografici
Autore principale: Паланик Ч. Чак
Riassunto:Кто бы мог подумать, что, умерев, я стану настолько известной личностью! Газеты, телевидение и радио в один голос твердят, какой лапочкой я была, какую идеальную дочь потеряли мои родители — са­мый известный продюсер Голливуда и актриса №1 «фабрики грез». Как же это получилось, что незаметная, стеснительная девочка с пры­щами, подростковыми комплексами и лишним весом сделалась все­народной любимицей и объектом культа, и зашло это сумасшествие настолько далеко, что теперь моим именем называется рукотворный остров — прибежище тысяч адептов новой религии, стремящихся лю­бой ценой попасть в рай?Конечно, это происки нечистого — обманщика, шарлатана и ма­стака манипуляций!Но зря, как говорится, связался черт с младенцем...
Lingua:russo
Pubblicazione: Москва, АСТ, 2015
Serie:Чак Паланик и его бойцовский клуб
Soggetti:
Natura: Libro
KOHA link:https://koha.lib.tpu.ru/cgi-bin/koha/opac-detail.pl?biblionumber=289285

MARC

LEADER 00000nam0a2200000 4500
001 289285
005 20231102000155.0
010 |a 9785170827961 
035 |a (RuTPU)RU\TPU\book\313790 
090 |a 289285 
100 |a 20150331d2015 m y0rusy50 ca 
101 0 |a rus 
102 |a RU 
105 |a y z 000ay 
200 1 |a Обреченные  |e роман  |e пер. с англ.  |f Ч. Паланик 
210 |a Москва  |c АСТ  |d 2015 
215 |a 350 с. 
225 1 |a Чак Паланик и его бойцовский клуб 
330 |a Кто бы мог подумать, что, умерев, я стану настолько известной личностью! Газеты, телевидение и радио в один голос твердят, какой лапочкой я была, какую идеальную дочь потеряли мои родители — са­мый известный продюсер Голливуда и актриса №1 «фабрики грез». Как же это получилось, что незаметная, стеснительная девочка с пры­щами, подростковыми комплексами и лишним весом сделалась все­народной любимицей и объектом культа, и зашло это сумасшествие настолько далеко, что теперь моим именем называется рукотворный остров — прибежище тысяч адептов новой религии, стремящихся лю­бой ценой попасть в рай?Конечно, это происки нечистого — обманщика, шарлатана и ма­стака манипуляций!Но зря, как говорится, связался черт с младенцем... 
606 1 |a Американская литература (англо-язычная литература)  |2 stltpush  |3 (RuTPU)RU\TPU\subj\28887  |9 52349 
610 1 |a проза 
610 1 |a романы 
675 |a 82  |v 4 
700 1 |a Паланик  |b Ч.  |g Чак 
801 1 |a RU  |b 63413507  |c 20150331 
801 2 |a RU  |b 63413507  |c 20150810  |g RCR 
942 |c BK 
959 |a 29/20150330  |d 1  |e 285,00  |f ХФ:1